000 00449nam a2200181Ia 4500
001 4005
005 20260306145724.0
008 260306t2008||||xx |||||||||||||| ||spa||
041 _aESP
082 _a306.36209
_bK61
100 _aKlein, Herbert S.
_eAUT
245 0 _aLa esclavitud africana en América Latina y el Caribe
260 _c2008
300 _a318 páginas :
_c20 cm.
650 _aGEN
654 _aCHU
942 _cLIB
_dJUS
_fJUS
_2ddc
_n
999 _c4005
_d4005